| 000 | 00488cam a22001217a 4500 | ||
|---|---|---|---|
| 008 | 180718b1995 xxu||||| |||| 00| 0 eng d | ||
| 082 | _aA81x54 91/8/PT12A&B/M | ||
| 100 | _aCensus of India 1991 | ||
| 245 | _aHaryana district census handbook, Mahendragarh: village and town directory, village and townwise primary census abstract | ||
| 260 |
_aChandigarh _bThe Controller, Printing and Stationery _c1995 |
||
| 300 | _a305+p. | ||
| 440 | _aCensus of India 1991. Series-8, Haryana. Part XII-A&B | ||
| 999 |
_c481508 _d481508 |
||